000 00762nam a22002297a 4500
005 20170123162354.0
010 _aA-243931
020 _c15.00
035 _aA-243931
037 _bCen Lib/Ret
040 _aDPL
_bUR
082 _a920
_bع ب د
100 _aعبدالسلام
_9500
245 _a: پریم چند
_cعبدالسلام
_b/ سمائی اور سیاسی ناول
246 _aPrem Chand: samaji aur siyasi navel /
_bby abdussalam
260 _aنیی دہلی
_bاعجاز پبلشنگ ہاؤس
_c1985
270 _a دریا گنج
_bنیی دہلی
_e110002
300 _a120p.
_c21cm(Hb)
650 _aتاریخ
_v ناول
_9137994
650 _aHistory
_vNovel
_9137995
942 _2ddc
_cUR
_h920
_mع ب د
999 _c109477
_d109477